Countries with Starbucks - Sudden Death - Statistics

General Stats
  • This quiz has been taken 27 times
  • The average score is 6 of 15
Answers on the Grid
Answers color-coded by a green-red scale on the quiz's grid according to % correct below.
Spain
Belgium
Slovakia
Sweden
Ireland
New Zealand
Vietnam
Taiwan
Mexico
Costa Rica
Brazil
South Africa
Singapore
China
Turkey
Iran
Serbia
Greece
Papua New Guinea
Nigeria
Colombia
Peru
Guatemala
Cyprus
Cambodia
 
Answer Stats
Answer % Correct
China
67%
New Zealand
67%
Belgium
58%
Sweden
58%
Ireland
50%
South Africa
50%
Spain
50%
Turkey
50%
Brazil
33%
Mexico
33%
Singapore
33%
Taiwan
25%
Vietnam
25%
Costa Rica
8%
Slovakia
0%
No matching quizzes found
Score Distribution
Percent of People with Each Score
Percentile by Number Answered
Your Score History
You have not taken this quiz